Rock bands by Song - Statistics

General Stats
  • This quiz has been taken 1,204 times
    1,194 since last reset
  • The average score is 12 of 16
Answer Stats
Song Band % Correct
Highway to Hell AC/DC
97%
We Will Rock You Queen
96%
Stairway to Heaven Led Zeppelin
93%
Enter Sandman Metallica
93%
Smoke on the Water Deep Purple
88%
The Final Countdown Europe
87%
Paradise City Guns'N'Roses
87%
Ace of Spades Motorhead
69%
Rock You Like a Hurricane Scorpions
69%
Number of the Beast Iron Maiden
65%
White Wedding Billy Idol
63%
Breaking The Law Judas Priest
60%
How You Remind Me Nickelback
60%
The Pretender Foo Fighters
57%
Tom Sawyer Rush
53%
Crazy Crazy Nights Kiss
42%
No matching quizzes found
Score Distribution
Percent of People with Each Score
Percentile by Number Answered
Your Score History
You have not taken this quiz since the last reset